000 00915nmm a2200289 a 4500
001 ocm000655868
003 TR-IsHL
005 20201028141603.0
008 131226s2008 tu tur
007 cr cn
020 _a9786055765033
035 _a655868
_b(N$T)
050 0 4 _aPG1919.12.L38
_bM46 2008
090 0 4 _aPG1919.12.L38
_bM46 2008
100 1 _aBlatnik, Andrej
245 1 0 _aDeri değişimi
_h[electronic resource] /
_cAndrej Blatnik ; çev. Ay Başman, Sina Baydur
260 _aİstanbul :
_bPupa Yayınları,
_c2008
300 _a51 p.
650 4 _aDil ve Edebiyat
650 4 _aLanguage and Literature
650 0 _aSloven hikâyeleri
650 0 _aSlovenian stories
650 7 _aLITERARY COLLECTIONS / General
_2bisacsh
700 1 _aBaşman, Ay
700 1 _aBaydur, Sina
856 4 0 _uhttp://search.ebscohost.com/login.aspx?direct=true&scope=site&db=e011xww&AN=655868
999 _c7898
_d7898